Statistics for Who I am ? #01

Click here to take the quiz!

General Stats

  • This quiz has been taken 33 times
  • The average score is 3 of 5

Answer Stats

CluesCharacters% Correct
I was born on July 31, 1980.
I have a lightning bolt scar etched on my forehead.
I'm an orphan and my uncle, aunt and cousin hate me.
I am a wizard
I am the main character in a series of seven books and eight films.
I am...
Harry Potter
96%
I was born in Ajaccio on August 15, 1769 and died on May 5, 1821 on the island of Sainte-Hélène
I came to power in 1799 by the coup d'etat of 18 Brumaire ans VIII (November 9, 1799).
I am the first Emperor of the French from May 18, 1804 to April 6, 1814 and from March 20 to June 22, 1815.
I am a historical figure known for the Battle of Austerlitz and the Battle of Waterloo.
I am...
Napoleon Bonaparte
91%
I was born on January 3, 1892 in Bloemfontein and died on September 2, 1973 in Bournemouth.
I am a British writer, poet, philologist, essayist and university professor.
In my most famous novels, I have developed geography, peoples, history and languages ​​for most of my life.
I invented my first language, nevbosh (new nonsense), when I was just a teenager.
I don't like France.
I am...
John Ronald Reuel Tolkien
39%
I am a ninja.
I am a jinchūriki.
I'm from Konoha.
I am an orphan and hated by the other villagers of the village where I come from.
I am the best ninja in the universe where I come from.
I accomplished my dream of becoming Hokage.
I am...
Naruto Uzumaki
22%
I am a fictional character from the duck universe of Disney studios.
I was created in 1947 by writer-artist Carl Barks.
I am the “richest duck in the world”.
I am renowned for my stinginess and my adventurous side.
I am...
Balthazar Picsou
9%

Score Distribution

Percentile by Number Answered

Percent of People with Each Score

Your Score History

You have not taken this quiz